M Literature - Statistics

General Stats
  • This quiz has been taken 29 times
  • The average score is 14 of 30
Answer Stats
Hint Answer % Correct
Shakespearean one word title and character Macbeth
92%
Similarly, another precocious, book-loving girl who possesses extraordinary intelligence Matilda
76%
Known for Winnie the Pooh Milne
76%
Author of Rebecca, du __________ Maurier
72%
Author of Moby Dick Melville
72%
Twilight series author Meyer
72%
Agatha Christie's detective that fits this category Miss Marple
72%
Boy from The Jungle Book Mowgli
72%
One of Alice's tea party friends that fits this category, not the rabbit Mad Hatter
68%
Gone with the Wind author Mitchell
68%
American novelist, who wrote The Bluest Eye Morrison
64%
Figure of speech that constructs an analogy between two things Metaphor
60%
Stephen King novel Misery
60%
Irish-British novelist, Iris Murdoch
52%
Anne of Green Gables author Montgomery
48%
This in the Garden of Good and Evil Midnight
44%
3rd book in the Suzanne Collins Hunger Games trilogy Mockingjay
44%
One of Alice's tea party friends that fits this category, the rabbit March Hare
40%
Ray Bradbury classic, these Chronicles Martian
40%
The Head of Gryffindor (both names) Minerva McGonagall
36%
Virginia Woolf's stream of consciousness novel Mrs. Dalloway
36%
Spirited young girl for attends a Parisian boarding school Madeline
28%
Literary genre that combines magical and fantastical elements with a realistic, everyday setting Magic Realism
20%
Known for Lonesome Dove McMurtry
20%
The arrangement of scenery and stage properties in a play Mise en Scene
16%
Canadian author of Never Cry Wolf Mowat
12%
Beloved author of The Paperbag Princess Munsch
8%
The Night Before Christmas author Moore
4%
Canadian author of No Great Mischief, Alistair MacLeod
0%
American science fiction writer McCaffrey
0%
No matching quizzes found
Score Distribution
Percent of People with Each Score
Percentile by Number Answered
Your Score History
You have not taken this quiz